Finalistes des élections présidentielles Ve République - Statistiques

Statistiques générales
  • Ce quiz a été pris 46 fois
  • Le résultat moyen est 20 sur 24
Statistiques - réponses
Année Résultat Prénom et Nom % Correct
2022 41.45 % Marine Le Pen
98%
1958 78.51 % Charles de Gaulle
95%
2017 33.90 % Marine Le Pen
95%
1965 55.20 % Charles de Gaulle
90%
2017 66.10 % Emmanuel Macron
90%
2022 58.55 % Emmanuel Macron
90%
2012 51.64 % François Hollande
90%
1995 52.64 % Jacques Chirac
90%
2002 82.21 % Jacques Chirac
90%
2007 53.06 % Nicolas Sarkozy
90%
2012 48.36 % Nicolas Sarkozy
90%
1988 54.02 % François Mitterrand
88%
1974 50.81 % Valéry Giscard d'Estaing
88%
1981 51.76 % François Mitterrand
85%
1969 58.21 % Georges Pompidou
85%
1988 45.98 % Jacques Chirac
83%
2002 17.79 % Jean-Marie Le Pen
83%
2007 46.94 % Ségolène Royal
83%
1974 49.19 % François Mitterrand
80%
1981 48.24 % Valéry Giscard d'Estaing
78%
1995 47.36 % Lionel Jospin
73%
1965 44.80 % François Mitterrand
68%
1969 41.79 % Alain Poher
54%
1958 13.03 % Georges Marrane
17%
Aucun quiz correspondant
Distribution des résultats
% des personnes avec chaque résultat
Percentile par nombre de réponses
Votre historique - résultats
Vous n’avez pas pris ce quiz